[Event "Women's Baku Chess Olympiad"]
[Site "chess24.com"]
[Date "2016.09.08"]
[Round "6"]
[White "Tan, Li Ting"]
[Black "Mona, Khaled"]
[Result "1/2-1/2"]
[Board "1"]
[WhiteID "5704820"]
[WhiteElo "1993"]
[WhiteTitle "WFM"]
[WhiteCountry "MAS"]
[WhiteFideId "5704820"]
[WhiteEloChange "5"]
[BlackID "10605908"]
[BlackElo "2175"]
[BlackTitle "WGM"]
[BlackCountry "EGY"]
[BlackFideId "10605908"]
[BlackEloChange "-5"]

1. d4 {[%clk 1:30:53]} Nf6 {[%clk 1:30:42]} 2. c4 {[%clk 1:31:12]} g6 {[%clk
1:31:07]} 3. Nc3 {[%clk 1:30:56]} Bg7 {[%clk 1:31:31]} 4. e4 {[%clk 1:31:20]} d6
{[%clk 1:31:58]} 5. Be2 {[%clk 1:30:07]} O-O {[%clk 1:31:53]} 6. Nf3 {[%clk
1:30:27]} e5 {[%clk 1:32:17]} 7. O-O {[%clk 1:28:40]} Nc6 {[%clk 1:32:42]} 8. d5
{[%clk 1:27:55]} Ne7 {[%clk 1:33:07]} 9. Ne1 {[%clk 1:28:10]} Nd7 {[%clk
1:33:01]} 10. Be3 {[%clk 1:26:02]} f5 {[%clk 1:32:49]} 11. f3 {[%clk 1:26:20]} f4
{[%clk 1:32:54]} 12. Bf2 {[%clk 1:26:45]} g5 {[%clk 1:31:52]} 13. b4 {[%clk
1:16:09]} Nf6 {[%clk 1:29:45]} 14. c5 {[%clk 1:14:19]} Ng6 {[%clk 1:25:22]} 15.
cxd6 {[%clk 1:05:25]} cxd6 {[%clk 1:22:04]} 16. Kh1 {[%clk 1:05:13]} h5 {[%clk
1:22:24]} 17. Nb5 {[%clk 1:02:22]} Rf7 {[%clk 1:20:47]} 18. a4 {[%clk 0:52:53]}
g4 {[%clk 1:16:23]} 19. a5 {[%clk 0:42:54]} g3 {[%clk 1:06:32]} 20. Bxa7 {[%clk
0:24:47]} Rxa7 {[%clk 0:53:54]} 21. Nxa7 {[%clk 0:25:10]} Nh7 {[%clk 0:54:03]}
22. Nxc8 {[%clk 0:14:16]} Qh4 {[%clk 0:54:28]} 23. h3 {[%clk 0:14:42]} Ng5 {[%clk
0:54:54]} 24. Kg1 {[%clk 0:12:59]} Bf6 {[%clk 0:54:44]} 25. Bb5 {[%clk 0:08:44]}
Nxh3+ {[%clk 0:54:21]} 26. gxh3 {[%clk 0:09:09]} Qxh3 {[%clk 0:54:47]} 27. Qc2
{[%clk 0:05:55]} Rc7 {[%clk 0:51:14]} 28. Qg2 {[%clk 0:03:47]} Qxc8 {[%clk
0:51:37]} 29. Ra2 {[%clk 0:03:59]} Nh4 {[%clk 0:51:05]} 30. Qd2 {[%clk 0:01:44]}
Qh3 {[%clk 0:45:35]} 31. Rc2 {[%clk 0:02:00]} g2 {[%clk 0:44:56]} 32. Rxc7 {[%clk
0:00:53]} Qh1+ {[%clk 0:42:32]} 33. Kf2 {[%clk 0:01:19]} gxf1Q+ {[%clk 0:42:39]}
34. Bxf1 {[%clk 0:01:41]} Qh2+ {[%clk 0:42:42]} 35. Bg2 {[%clk 0:01:29]} Nxg2
{[%clk 0:43:05]} 36. Nxg2 {[%clk 0:01:05]} Bh4+ {[%clk 0:43:29]} 37. Ke2 {[%clk
0:01:01]} Qxg2+ {[%clk 0:43:53]} 38. Kd1 {[%clk 0:01:22]} Qxf3+ {[%clk 0:44:17]}
39. Qe2 {[%clk 0:01:37]} Qb3+ {[%clk 0:42:37]} 40. Qc2 {[%clk 0:31:33]} Qxb4
{[%clk 1:11:56]} 41. Rc8+ {[%clk 0:23:14]} Kf7 {[%clk 1:12:18]} 42. Qc7+ {[%clk
0:21:06]} Be7 {[%clk 1:12:41]} 43. Qd7 {[%clk 0:21:21]} Qd4+ {[%clk 1:12:20]} 44.
Kc1 {[%clk 0:21:40]} Qe3+ {[%clk 1:12:01]} 45. Kd1 {[%clk 0:19:26]} Qb3+ {[%clk
1:07:29]} 46. Kc1 {[%clk 0:16:09]} Qa3+ {[%clk 1:06:26]} 47. Kc2 {[%clk 0:15:37]}
Qa2+ {[%clk 1:05:18]} 48. Kc1 {[%clk 0:15:59]} Qa1+ {[%clk 1:05:42]} 49. Kc2
{[%clk 0:16:20]} Qa2+ {[%clk 1:06:06]} 50. Kc1 {[%clk 0:16:09]} Qa1+ {[%clk
1:06:30]} 51. Kc2 {[%clk 0:16:20]} Qa2+ {[%clk 1:06:53]} 52. Kc1 {[%clk 0:16:44]}
1/2-1/2

[Event "Women's Baku Chess Olympiad"]
[Site "chess24.com"]
[Date "2016.09.08"]
[Round "6"]
[White "Librelato, Kathie Goulart"]
[Black "Camp, Imogen A L"]
[Result "1-0"]
[Board "3"]
[WhiteID "2153963"]
[WhiteElo "2079"]
[WhiteCountry "BRA"]
[WhiteFideId "2153963"]
[WhiteEloChange "2"]
[BlackID "1802240"]
[BlackElo "1718"]
[BlackCountry "WLS"]
[BlackFideId "1802240"]
[BlackEloChange "-2"]

1. e4 {[%clk 1:30:55]} c6 {[%clk 1:30:57]} 2. d4 {[%clk 1:31:09]} d5 {[%clk
1:31:23]} 3. exd5 {[%clk 1:28:58]} cxd5 {[%clk 1:31:43]} 4. Bd3 {[%clk 1:29:20]}
Nc6 {[%clk 1:31:43]} 5. c3 {[%clk 1:29:31]} Nf6 {[%clk 1:31:13]} 6. Bf4 {[%clk
1:28:42]} Bg4 {[%clk 1:29:17]} 7. Qb3 {[%clk 1:23:47]} Qc8 {[%clk 1:22:16]} 8.
Nd2 {[%clk 1:21:26]} e6 {[%clk 1:18:03]} 9. Ngf3 {[%clk 1:15:54]} Be7 {[%clk
1:14:49]} 10. O-O {[%clk 1:11:30]} O-O {[%clk 1:14:30]} 11. Rae1 {[%clk 1:11:11]}
Bh5 {[%clk 1:00:32]} 12. Ne5 {[%clk 0:48:31]} Nxe5 {[%clk 0:57:40]} 13. Bxe5
{[%clk 0:48:28]} Bg6 {[%clk 0:56:51]} 14. Be2 {[%clk 0:38:05]} Ne4 {[%clk
0:53:39]} 15. Nxe4 {[%clk 0:32:25]} Bxe4 {[%clk 0:54:02]} 16. c4 {[%clk 0:31:45]}
Qd7 {[%clk 0:33:23]} 17. c5 {[%clk 0:24:30]} a6 {[%clk 0:29:48]} 18. Rc1 {[%clk
0:23:56]} Rfc8 {[%clk 0:23:42]} 19. Rfd1 {[%clk 0:20:47]} Rc6 {[%clk 0:16:37]}
20. Qa4 {[%clk 0:19:02]} Qc8 {[%clk 0:16:07]} 21. Rc3 {[%clk 0:15:16]} f6 {[%clk
0:13:53]} 22. Bg3 {[%clk 0:14:26]} Bd8 {[%clk 0:09:24]} 23. Ra3 {[%clk 0:09:00]}
e5 {[%clk 0:07:00]} 24. dxe5 {[%clk 0:06:41]} fxe5 {[%clk 0:05:42]} 25. Bxe5
{[%clk 0:06:35]} Qf5 {[%clk 0:03:51]} 26. Qd4 {[%clk 0:06:25]} Rg6 {[%clk
0:03:37]} 27. Rg3 {[%clk 0:05:15]} Bh4 {[%clk 0:01:24]} 28. Rxg6 {[%clk 0:04:55]}
hxg6 {[%clk 0:01:31]} 29. f3 {[%clk 0:02:23]} Bc2 {[%clk 0:01:21]} 30. Qxd5+
{[%clk 0:02:21]} Kh7 {[%clk 0:01:35]} 31. Bd3 {[%clk 0:01:07]} Bxd3 {[%clk
0:01:21]} 32. Rxd3 {[%clk 0:01:36]} Rd8 {[%clk 0:01:25]} 33. Bd6 {[%clk 0:01:56]}
Qf6 {[%clk 0:01:06]} 34. Qxb7 {[%clk 0:00:59]} Qe6 {[%clk 0:01:25]} 35. Qe4
{[%clk 0:01:00]} Qf6 {[%clk 0:01:09]} 36. g3 {[%clk 0:00:43]} Bg5 {[%clk
0:01:33]} 37. Rb3 {[%clk 0:00:40]} Qf7 {[%clk 0:00:50]} 38. Rb7 {[%clk 0:00:35]}
Qxa2 {[%clk 0:00:41]} 39. Qe2 {[%clk 0:00:32]} Qb1+ {[%clk 0:00:41]} 40. Kg2
{[%clk 0:30:50]} Qc1 {[%clk 0:30:38]} 41. Qe5 {[%clk 0:21:01]} Qd2+ {[%clk
0:26:27]} 42. Kh3 {[%clk 0:20:02]} Bh6 {[%clk 0:25:32]} 43. Qe7 {[%clk 0:18:55]}
Rg8 {[%clk 0:23:32]} 44. Qe4 {[%clk 0:07:33]} Qf2 {[%clk 0:20:44]} 45. c6 {[%clk
0:05:41]} Qf1+ {[%clk 0:18:05]} 46. Kg4 {[%clk 0:05:51]} a5 {[%clk 0:16:27]} 47.
c7 {[%clk 0:04:23]} Qa6 {[%clk 0:15:37]} 48. Qd5 {[%clk 0:01:04]} Qa8 {[%clk
0:12:46]} 49. f4 {[%clk 0:00:59]} a4 {[%clk 0:11:34]} 50. Qb5 {[%clk 0:00:39]}
Qc8+ {[%clk 0:09:49]} 51. Kf3 {[%clk 0:00:54]} Qa8 {[%clk 0:08:44]} 52. Kf2
{[%clk 0:00:51]} Qc8 {[%clk 0:07:26]} 53. Rb8 {[%clk 0:00:40]} Qh3 {[%clk
0:07:32]} 54. Rxg8 {[%clk 0:00:34]} Qxh2+ {[%clk 0:07:52]} 55. Kf3 {[%clk
0:00:38]} Qh1+ {[%clk 0:08:04]} 56. Ke2 {[%clk 0:00:32]} Qg2+ {[%clk 0:07:35]}
57. Kd1 {[%clk 0:00:44]} Qg1+ {[%clk 0:05:11]} 58. Kc2 {[%clk 0:00:57]} Qf2+
{[%clk 0:05:16]} 59. Kb1 {[%clk 0:00:38]} Qe1+ {[%clk 0:05:19]} 60. Kc2 {[%clk
0:00:54]} Qf2+ {[%clk 0:04:40]} 61. Kc3 {[%clk 0:00:52]} Qe1+ {[%clk 0:02:37]}
62. Kc4 {[%clk 0:01:05]} Qe4+ {[%clk 0:02:30]} 63. Kc5 {[%clk 0:01:15]} Qc2+
{[%clk 0:02:07]} 64. Kb6 {[%clk 0:01:27]} Qf2+ {[%clk 0:01:49]} 65. Kb7 {[%clk
0:01:43]} Qf3+ {[%clk 0:02:04]} 66. Kb8 {[%clk 0:02:00]} Qd1 {[%clk 0:01:37]} 67.
c8Q {[%clk 0:01:52]} Qxd6+ {[%clk 0:01:57]} 68. Ka8 {[%clk 0:02:11]} 1-0

[Event "Women's Baku Chess Olympiad"]
[Site "chess24.com"]
[Date "2016.09.08"]
[Round "6"]
[White "Morozova, Iuliia"]
[Black "Miller, Rachel"]
[Result "1-0"]
[Board "2"]
[WhiteID "14104946"]
[WhiteElo "2025"]
[WhiteTitle "WFM"]
[WhiteCountry "BEL"]
[WhiteFideId "14104946"]
[WhiteEloChange "8"]
[BlackID "7401302"]
[BlackElo "1971"]
[BlackTitle "CM"]
[BlackCountry "JAM"]
[BlackFideId "7401302"]
[BlackEloChange "-8"]

1. d4 {[%clk 1:30:09]} Nf6 {[%clk 1:30:38]} 2. e3 {[%clk 1:29:18]} c5 {[%clk
1:30:24]} 3. c3 {[%clk 1:24:10]} b6 {[%clk 1:28:02]} 4. Nd2 {[%clk 1:17:40]} Bb7
{[%clk 1:27:21]} 5. f4 {[%clk 1:17:13]} g6 {[%clk 1:26:07]} 6. Ngf3 {[%clk
1:17:26]} d6 {[%clk 1:25:21]} 7. Bd3 {[%clk 1:17:06]} Bg7 {[%clk 1:24:49]} 8. O-O
{[%clk 1:17:08]} Nbd7 {[%clk 1:23:46]} 9. e4 {[%clk 1:16:29]} cxd4 {[%clk
1:15:11]} 10. cxd4 {[%clk 1:13:47]} O-O {[%clk 1:14:36]} 11. Qe2 {[%clk 1:12:57]}
e5 {[%clk 1:11:07]} 12. Nc4 {[%clk 1:08:40]} d5 {[%clk 0:53:47]} 13. exd5 {[%clk
0:36:52]} exd4 {[%clk 0:51:03]} 14. d6 {[%clk 0:26:34]} Nd5 {[%clk 0:34:53]} 15.
f5 {[%clk 0:20:54]} Re8 {[%clk 0:29:18]} 16. Qf2 {[%clk 0:20:14]} Nc5 {[%clk
0:29:42]} 17. fxg6 {[%clk 0:17:48]} fxg6 {[%clk 0:24:07]} 18. Ng5 {[%clk
0:12:47]} Rf8 {[%clk 0:20:18]} 19. Qh4 {[%clk 0:11:09]} Rxf1+ {[%clk 0:20:05]}
20. Bxf1 {[%clk 0:03:17]} h6 {[%clk 0:18:58]} 21. Nf3 {[%clk 0:03:33]} Qxh4
{[%clk 0:18:51]} 22. Nxh4 {[%clk 0:04:00]} Kh7 {[%clk 0:19:09]} 23. Bd2 {[%clk
0:03:27]} a5 {[%clk 0:12:43]} 24. Re1 {[%clk 0:03:15]} Rd8 {[%clk 0:08:55]} 25.
Nf3 {[%clk 0:02:13]} Ba8 {[%clk 0:07:17]} 26. Nfe5 {[%clk 0:02:18]} Re8 {[%clk
0:03:47]} 27. h4 {[%clk 0:01:47]} b5 {[%clk 0:04:12]} 28. d7 {[%clk 0:01:49]}
Nxd7 {[%clk 0:03:12]} 29. Nxd7 {[%clk 0:01:50]} Rxe1 {[%clk 0:03:38]} 30. Bxe1
{[%clk 0:02:11]} bxc4 {[%clk 0:03:51]} 31. Bxc4 {[%clk 0:02:26]} Ne3 {[%clk
0:02:35]} 32. Bd3 {[%clk 0:02:16]} Nxg2 {[%clk 0:02:40]} 33. Bxa5 {[%clk
0:02:09]} Nxh4 {[%clk 0:03:05]} 34. b4 {[%clk 0:02:00]} Nf3+ {[%clk 0:03:11]} 35.
Kf2 {[%clk 0:02:17]} Ne5 {[%clk 0:03:31]} 36. Nxe5 {[%clk 0:02:32]} Bxe5 {[%clk
0:03:58]} 37. b5 {[%clk 0:02:39]} h5 {[%clk 0:03:39]} 38. b6 {[%clk 0:02:33]} Bb7
{[%clk 0:04:07]} 39. Bf1 {[%clk 0:01:46]} Kg7 {[%clk 0:04:09]} 40. Bb4 {[%clk
0:31:32]} Bc6 {[%clk 0:31:51]} 41. Bg2 {[%clk 0:27:29]} Bb5 {[%clk 0:22:55]} 42.
Bc5 {[%clk 0:24:20]} d3 {[%clk 0:08:58]} 43. Ke3 {[%clk 0:22:57]} Bb8 {[%clk
0:09:10]} 44. Be7 {[%clk 0:17:30]} Kf7 {[%clk 0:09:14]} 45. Bg5 {[%clk 0:15:47]}
Bd6 {[%clk 0:08:30]} 46. Kd4 {[%clk 0:04:37]} Bg3 {[%clk 0:04:02]} 47. b7 {[%clk
0:04:29]} Bd6 {[%clk 0:01:15]} 48. Kd5 {[%clk 0:04:20]} Bb8 {[%clk 0:00:40]} 49.
Kc5 {[%clk 0:04:29]} Bd7 {[%clk 0:00:43]} 50. Kb6 {[%clk 0:04:06]} Bg4 {[%clk
0:00:47]} 51. Be4 {[%clk 0:03:07]} Bf5 {[%clk 0:00:47]} 52. Bc6 {[%clk 0:03:04]}
h4 {[%clk 0:00:39]} 53. Bxh4 {[%clk 0:01:43]} d2 {[%clk 0:01:05]} 54. Ba4 {[%clk
0:02:01]} Bg4 {[%clk 0:01:30]} 55. Bd8 {[%clk 0:02:21]} d1Q {[%clk 0:00:47]} 56.
Bxd1 {[%clk 0:02:43]} Bxd1 {[%clk 0:01:13]} 57. Bc7 {[%clk 0:03:03]} Bf3 {[%clk
0:00:48]} 58. Bxb8 {[%clk 0:03:13]} Ke6 {[%clk 0:01:17]} 59. a4 {[%clk 0:03:05]}
Kd7 {[%clk 0:01:05]} 60. a5 {[%clk 0:03:20]} Be2 {[%clk 0:01:24]} 61. a6 {[%clk
0:03:36]} Bxa6 {[%clk 0:01:52]} 62. Kxa6 {[%clk 0:04:00]} Kc6 {[%clk 0:02:17]}
63. Bg3 {[%clk 0:04:15]} g5 {[%clk 0:02:38]} 64. b8Q {[%clk 0:04:30]} g4 {[%clk
0:03:02]} 65. Qd6# {[%clk 0:04:32]} 1-0

[Event "Women's Baku Chess Olympiad"]
[Site "chess24.com"]
[Date "2016.09.08"]
[Round "6"]
[White "Barbier, Astrid"]
[Black "Smith, Melisha"]
[Result "1-0"]
[Board "4"]
[WhiteID "200395"]
[WhiteElo "1825"]
[WhiteCountry "BEL"]
[WhiteFideId "200395"]
[WhiteEloChange "7"]
[BlackID "7400691"]
[BlackElo "1719"]
[BlackTitle "WCM"]
[BlackCountry "JAM"]
[BlackFideId "7400691"]
[BlackEloChange "-7"]

1. e4 {[%clk 1:30:57]} c5 {[%clk 1:30:52]} 2. Nc3 {[%clk 1:31:23]} d6 {[%clk
1:30:22]} 3. f4 {[%clk 1:31:26]} e6 {[%clk 1:29:53]} 4. Nf3 {[%clk 1:30:19]} Nc6
{[%clk 1:29:42]} 5. Bb5 {[%clk 1:29:01]} Qc7 {[%clk 1:28:30]} 6. O-O {[%clk
1:27:04]} g6 {[%clk 1:27:29]} 7. Qe1 {[%clk 1:09:34]} Ne7 {[%clk 1:25:13]} 8.
Bxc6+ {[%clk 0:52:08]} bxc6 {[%clk 1:24:09]} 9. d3 {[%clk 0:43:05]} Bg7 {[%clk
1:22:50]} 10. Qh4 {[%clk 0:24:57]} d5 {[%clk 1:17:34]} 11. e5 {[%clk 0:22:58]}
Nf5 {[%clk 1:15:49]} 12. Qf2 {[%clk 0:22:13]} d4 {[%clk 1:04:58]} 13. Ne4 {[%clk
0:21:24]} Qe7 {[%clk 1:01:29]} 14. g4 {[%clk 0:20:15]} Nh6 {[%clk 1:01:04]} 15.
Qg2 {[%clk 0:18:27]} Bb7 {[%clk 0:56:36]} 16. b3 {[%clk 0:16:58]} O-O-O {[%clk
0:56:12]} 17. Nfd2 {[%clk 0:13:59]} Kb8 {[%clk 0:52:53]} 18. b4 {[%clk 0:10:58]}
cxb4 {[%clk 0:51:00]} 19. a3 {[%clk 0:10:48]} c5 {[%clk 0:49:50]} 20. Bb2 {[%clk
0:08:38]} Ng8 {[%clk 0:46:47]} 21. axb4 {[%clk 0:07:38]} cxb4 {[%clk 0:46:07]}
22. Qf2 {[%clk 0:07:48]} Qd7 {[%clk 0:45:28]} 23. Nc5 {[%clk 0:07:24]} Qd5 {[%clk
0:40:06]} 24. Nxb7 {[%clk 0:07:46]} Kxb7 {[%clk 0:39:34]} 25. Ra4 {[%clk
0:07:45]} Bf8 {[%clk 0:38:48]} 26. Nb3 {[%clk 0:06:52]} Bc5 {[%clk 0:36:38]} 27.
Ra5 {[%clk 0:06:53]} Rc8 {[%clk 0:35:18]} 28. Rfa1 {[%clk 0:06:45]} Nh6 {[%clk
0:27:47]} 29. h3 {[%clk 0:06:13]} Rhd8 {[%clk 0:27:32]} 30. Rb5+ {[%clk 0:05:00]}
Ka8 {[%clk 0:19:19]} 31. Nxc5 {[%clk 0:05:19]} Rxc5 {[%clk 0:19:03]} 32. Rxb4
{[%clk 0:05:31]} Rd7 {[%clk 0:15:14]} 33. Rxd4 {[%clk 0:04:41]} Qb7 {[%clk
0:12:43]} 34. Rxd7 {[%clk 0:04:44]} Qxb2 {[%clk 0:09:56]} 35. Raxa7+ {[%clk
0:04:47]} 1-0

[Event "Women's Baku Chess Olympiad"]
[Site "chess24.com"]
[Date "2016.09.08"]
[Round "6"]
[White "O`Gorman, Alice"]
[Black "Bejatovic, Bojana"]
[Result "1-0"]
[Board "2"]
[WhiteID "2508214"]
[WhiteElo "1781"]
[WhiteCountry "IRL"]
[WhiteFideId "2508214"]
[WhiteEloChange "17"]
[BlackID "15000141"]
[BlackElo "2063"]
[BlackCountry "MKD"]
[BlackFideId "15000141"]
[BlackEloChange "-17"]

1. e4 {[%clk 1:30:58]} Nf6 {[%clk 1:30:56]} 2. Nc3 {[%clk 1:31:20]} d5 {[%clk
1:31:18]} 3. exd5 {[%clk 1:31:45]} Nxd5 {[%clk 1:31:37]} 4. Nxd5 {[%clk 1:32:05]}
Qxd5 {[%clk 1:32:01]} 5. Qf3 {[%clk 1:32:27]} Qc5 {[%clk 1:29:23]} 6. c3 {[%clk
1:32:28]} e5 {[%clk 1:26:46]} 7. b4 {[%clk 1:32:09]} Qe7 {[%clk 1:23:04]} 8. Qe3
{[%clk 1:31:05]} g6 {[%clk 1:19:40]} 9. Nf3 {[%clk 1:29:37]} Bg7 {[%clk 1:19:54]}
10. Bc4 {[%clk 1:28:39]} Nd7 {[%clk 1:16:37]} 11. O-O {[%clk 1:26:13]} O-O {[%clk
1:15:48]} 12. Re1 {[%clk 1:21:59]} Qd6 {[%clk 1:01:52]} 13. a4 {[%clk 1:16:26]}
a5 {[%clk 0:57:27]} 14. b5 {[%clk 1:08:26]} c5 {[%clk 0:53:48]} 15. bxc6 {[%clk
1:00:00]} Qxc6 {[%clk 0:52:00]} 16. Bb5 {[%clk 0:58:30]} Qc7 {[%clk 0:51:47]} 17.
Ba3 {[%clk 0:52:33]} Re8 {[%clk 0:48:42]} 18. d4 {[%clk 0:44:46]} e4 {[%clk
0:47:27]} 19. Nd2 {[%clk 0:43:53]} f5 {[%clk 0:43:26]} 20. Bc4+ {[%clk 0:38:41]}
Kh8 {[%clk 0:43:36]} 21. Bf7 {[%clk 0:38:38]} Rd8 {[%clk 0:30:42]} 22. Be7 {[%clk
0:37:38]} Nf8 {[%clk 0:30:29]} 23. Bxd8 {[%clk 0:37:27]} Qxf7 {[%clk 0:30:51]}
24. f3 {[%clk 0:31:04]} Bd7 {[%clk 0:28:35]} 25. Bh4 {[%clk 0:28:28]} Bc6 {[%clk
0:24:05]} 26. fxe4 {[%clk 0:17:48]} fxe4 {[%clk 0:24:07]} 27. Rf1 {[%clk
0:16:41]} Qd5 {[%clk 0:18:19]} 28. Bf6 {[%clk 0:13:10]} Ne6 {[%clk 0:16:39]} 29.
Bxg7+ {[%clk 0:12:57]} Kxg7 {[%clk 0:16:32]} 30. Rf2 {[%clk 0:12:10]} b5 {[%clk
0:07:19]} 31. axb5 {[%clk 0:08:40]} Qxb5 {[%clk 0:06:42]} 32. Raf1 {[%clk
0:06:59]} Rf8 {[%clk 0:03:09]} 33. Rxf8 {[%clk 0:07:02]} Nxf8 {[%clk 0:03:39]}
34. Nxe4 {[%clk 0:05:56]} Qd5 {[%clk 0:03:50]} 35. Qf3 {[%clk 0:05:02]} Nd7
{[%clk 0:03:32]} 36. Nd2 {[%clk 0:04:06]} Qe6 {[%clk 0:03:18]} 37. Qf2 {[%clk
0:03:30]} a4 {[%clk 0:01:35]} 38. c4 {[%clk 0:02:12]} Bb7 {[%clk 0:01:11]} 39.
Ra1 {[%clk 0:01:39]} Qa6 {[%clk 0:01:04]} 40. Qe3 {[%clk 0:30:51]} Qf6 {[%clk
0:31:00]} 41. Nf3 {[%clk 0:28:28]} Bxf3 {[%clk 0:28:10]} 42. gxf3 {[%clk
0:28:13]} Nb6 {[%clk 0:28:38]} 43. Rc1 {[%clk 0:17:55]} a3 {[%clk 0:28:57]} 44.
Qxa3 {[%clk 0:15:02]} Qxd4+ {[%clk 0:29:23]} 45. Kf1 {[%clk 0:13:58]} Nxc4 {[%clk
0:29:09]} 46. Qc3 {[%clk 0:11:35]} Ne3+ {[%clk 0:27:46]} 47. Ke2 {[%clk 0:10:53]}
Qxc3 {[%clk 0:27:02]} 48. Rxc3 {[%clk 0:11:12]} Nd5 {[%clk 0:27:19]} 49. Ra3
{[%clk 0:09:28]} Kf6 {[%clk 0:27:18]} 50. Kf2 {[%clk 0:08:58]} Ke5 {[%clk
0:26:42]} 51. Kg3 {[%clk 0:08:45]} Nf6 {[%clk 0:26:47]} 52. Ra4 {[%clk 0:07:57]}
h5 {[%clk 0:26:10]} 53. Ra5+ {[%clk 0:06:52]} Nd5 {[%clk 0:26:21]} 54. Kh4 {[%clk
0:06:33]} Kd4 {[%clk 0:26:39]} 55. Rxd5+ {[%clk 0:02:32]} Kxd5 {[%clk 0:27:07]}
56. Kg5 {[%clk 0:02:51]} Ke5 {[%clk 0:27:31]} 57. Kxg6 {[%clk 0:03:09]} h4 {[%clk
0:27:58]} 58. Kg5 {[%clk 0:03:23]} h3 {[%clk 0:28:24]} 59. f4+ {[%clk 0:03:39]}
Ke4 {[%clk 0:27:22]} 60. f5 {[%clk 0:02:40]} Kf3 {[%clk 0:27:49]} 61. f6 {[%clk
0:03:05]} Kg2 {[%clk 0:28:16]} 62. f7 {[%clk 0:03:30]} Kxh2 {[%clk 0:28:42]} 63.
f8Q {[%clk 0:03:54]} Kg2 {[%clk 0:29:01]} 64. Qa8+ {[%clk 0:04:09]} Kg1 {[%clk
0:29:08]} 65. Qa1+ {[%clk 0:04:25]} Kg2 {[%clk 0:29:34]} 66. Qb2+ {[%clk
0:04:43]} Kg1 {[%clk 0:29:55]} 67. Qc1+ {[%clk 0:05:01]} Kg2 {[%clk 0:30:24]} 68.
Qd2+ {[%clk 0:05:19]} Kg1 {[%clk 0:30:50]} 69. Qd1+ {[%clk 0:05:18]} Kg2 {[%clk
0:31:15]} 70. Qg4+ {[%clk 0:05:38]} Kh2 {[%clk 0:31:41]} 71. Kh4 {[%clk 0:05:58]}
1-0

[Event "Women's Baku Chess Olympiad"]
[Site "chess24.com"]
[Date "2016.09.08"]
[Round "6"]
[White "Nikolovska, Dragana"]
[Black "Menon Jayadev, Poornima"]
[Result "1-0"]
[Board "3"]
[WhiteID "15000133"]
[WhiteElo "1886"]
[WhiteCountry "MKD"]
[WhiteFideId "15000133"]
[WhiteEloChange "9"]
[BlackID "2501775"]
[BlackElo "1837"]
[BlackTitle "WFM"]
[BlackCountry "IRL"]
[BlackFideId "2501775"]
[BlackEloChange "-9"]

1. e4 {[%clk 1:30:55]} e6 {[%clk 1:30:54]} 2. d4 {[%clk 1:31:12]} d5 {[%clk
1:31:17]} 3. Nd2 {[%clk 1:31:35]} c5 {[%clk 1:31:07]} 4. exd5 {[%clk 1:30:20]}
Qxd5 {[%clk 1:31:16]} 5. Ngf3 {[%clk 1:29:42]} Nf6 {[%clk 1:19:47]} 6. Bc4 {[%clk
1:27:45]} Qd6 {[%clk 1:18:21]} 7. dxc5 {[%clk 1:14:33]} Qxc5 {[%clk 1:17:54]} 8.
Qe2 {[%clk 1:14:19]} Nbd7 {[%clk 1:01:09]} 9. Nb3 {[%clk 1:09:33]} Qc7 {[%clk
0:56:29]} 10. O-O {[%clk 0:57:17]} Nc5 {[%clk 0:45:56]} 11. Nbd4 {[%clk 0:55:02]}
a6 {[%clk 0:42:39]} 12. a4 {[%clk 0:50:53]} Bd6 {[%clk 0:37:21]} 13. Nf5 {[%clk
0:48:18]} O-O {[%clk 0:37:09]} 14. Nxd6 {[%clk 0:48:19]} Qxd6 {[%clk 0:37:22]}
15. b4 {[%clk 0:45:28]} Ncd7 {[%clk 0:30:48]} 16. Ba3 {[%clk 0:38:57]} Qc7 {[%clk
0:29:56]} 17. Rfd1 {[%clk 0:36:50]} Nb6 {[%clk 0:27:54]} 18. Bb3 {[%clk 0:35:34]}
Nbd5 {[%clk 0:27:18]} 19. Qe5 {[%clk 0:23:40]} Qxe5 {[%clk 0:25:12]} 20. Nxe5
{[%clk 0:24:06]} b5 {[%clk 0:22:24]} 21. axb5 {[%clk 0:23:08]} axb5 {[%clk
0:22:46]} 22. c4 {[%clk 0:22:27]} bxc4 {[%clk 0:20:13]} 23. Bxc4 {[%clk 0:21:52]}
Bb7 {[%clk 0:17:21]} 24. b5 {[%clk 0:20:20]} Rfc8 {[%clk 0:14:16]} 25. Bf1 {[%clk
0:20:18]} g6 {[%clk 0:09:24]} 26. Bb2 {[%clk 0:18:06]} Kf8 {[%clk 0:06:22]} 27.
Nc4 {[%clk 0:12:20]} Rxa1 {[%clk 0:04:59]} 28. Rxa1 {[%clk 0:12:20]} Ra8 {[%clk
0:03:59]} 29. Nd6 {[%clk 0:08:15]} Rxa1 {[%clk 0:03:23]} 30. Bxa1 {[%clk
0:08:39]} Ba8 {[%clk 0:03:40]} 31. b6 {[%clk 0:01:27]} Nxb6 {[%clk 0:02:33]} 32.
Bxf6 {[%clk 0:01:47]} Nd5 {[%clk 0:02:46]} 33. Bd4 {[%clk 0:01:52]} Bc6 {[%clk
0:02:15]} 34. Bb5 {[%clk 0:01:55]} Bxb5 {[%clk 0:02:32]} 35. Nxb5 {[%clk
0:02:21]} Ke7 {[%clk 0:02:34]} 36. Kf1 {[%clk 0:02:30]} Kd7 {[%clk 0:02:12]} 37.
Ke2 {[%clk 0:02:33]} Kc6 {[%clk 0:01:49]} 38. Nc3 {[%clk 0:02:35]} Ne7 {[%clk
0:01:49]} 39. Kd3 {[%clk 0:02:42]} f5 {[%clk 0:01:59]} 40. Ke3 {[%clk 0:31:15]}
Kd6 {[%clk 0:31:19]} 41. Kf4 {[%clk 0:27:53]} Nc6 {[%clk 0:29:45]} 42. Bg7 {[%clk
0:27:30]} Ke7 {[%clk 0:24:34]} 43. Kg5 {[%clk 0:23:49]} Kf7 {[%clk 0:17:15]} 44.
Kh6 {[%clk 0:24:04]} Kg8 {[%clk 0:17:21]} 45. Nb5 {[%clk 0:21:39]} Nd8 {[%clk
0:14:21]} 46. Nd6 {[%clk 0:21:32]} Nc6 {[%clk 0:12:15]} 47. Ne8 {[%clk 0:21:04]}
Nb4 {[%clk 0:11:29]} 48. Nf6+ {[%clk 0:20:43]} Kf7 {[%clk 0:11:26]} 49. Nxh7
{[%clk 0:20:53]} Nd3 {[%clk 0:11:40]} 50. Bd4 {[%clk 0:20:09]} e5 {[%clk
0:11:17]} 51. Bb6 {[%clk 0:20:04]} e4 {[%clk 0:08:19]} 52. Ng5+ {[%clk 0:19:46]}
Kf6 {[%clk 0:08:12]} 53. Bd4+ {[%clk 0:20:06]} Ne5 {[%clk 0:07:40]} 54. Bxe5+
{[%clk 0:17:44]} Kxe5 {[%clk 0:08:03]} 55. Kxg6 {[%clk 0:18:07]} f4 {[%clk
0:08:19]} 56. h4 {[%clk 0:15:35]} e3 {[%clk 0:08:16]} 57. fxe3 {[%clk 0:15:54]}
fxe3 {[%clk 0:08:41]} 58. h5 {[%clk 0:15:34]} e2 {[%clk 0:08:19]} 59. Nf3+ {[%clk
0:15:57]} Kf4 {[%clk 0:08:43]} 60. h6 {[%clk 0:16:11]} Kg3 {[%clk 0:08:55]} 61.
Ne1 {[%clk 0:13:58]} Kf2 {[%clk 0:08:43]} 62. h7 {[%clk 0:13:45]} Kxe1 {[%clk
0:08:41]} 63. h8Q {[%clk 0:14:07]} Kf2 {[%clk 0:07:52]} 64. Qe5 {[%clk 0:14:11]}
e1Q {[%clk 0:05:45]} 65. Qxe1+ {[%clk 0:14:35]} Kxe1 {[%clk 0:06:08]} 66. g4
{[%clk 0:15:01]} Kf2 {[%clk 0:06:26]} 67. g5 {[%clk 0:15:25]} Kg3 {[%clk
0:06:35]} 68. Kf6 {[%clk 0:15:43]} Kh4 {[%clk 0:06:48]} 69. g6 {[%clk 0:16:05]}
Kh5 {[%clk 0:06:53]} 70. g7 {[%clk 0:16:25]} 1-0